[Event "Landesklasse West 2011/2012"]
[Site "?"]
[Date "2011.01.08"]
[Round "5"]
[White "Dittrich, Frank"]
[Black "Kunze, Heinz"]
[Result "1-0"]
[WhiteElo "1784"]
[BlackElo "1701"]
[PlyCount "69"]
[EventDate "2011.??.??"]
[WhiteTeam "Schachclub Rochade Leinefelde"]
[BlackTeam "Randspringer Bad Salzungen"]

1. e4 c5 2. d4 cxd4 3. Qxd4 Nc6 4. Qe3 e6 5. Nc3 a6 6. Bd2 Qc7 7. Nf3 d6 8. Bd3
Be7 9. h3 Nf6 10. a3 b5 11. O-O O-O 12. Na2 Bb7 13. Rac1 d5 14. e5 Nd7 15. Rfe1
Nb6 16. Qf4 Nc4 17. Bxc4 dxc4 18. Qg4 Kh8 19. Nc3 Rad8 20. Rcd1 Rd7 21. Bg5
Rxd1 22. Rxd1 Rd8 23. Rxd8+ Qxd8 24. Bxe7 Qxe7 25. Ne4 f5 26. exf6 gxf6 27. Qh4
Kg7 28. Qg3+ Kf8 29. Qf4 Kg7 30. Nd6 Nd8 31. Nd4 Kf8 32. Nxb7 Nxb7 33. Qb8+ Kf7
34. Nc6 Qd7 35. Qxb7 1-0

[Event "Landesklasse West 2011/2012"]
[Site "?"]
[Date "2011.01.08"]
[Round "5"]
[White "Mäurer, Michael"]
[Black "Seeboth, Paul"]
[Result "1/2-1/2"]
[WhiteElo "1643"]
[BlackElo "1780"]
[PlyCount "93"]
[EventDate "2011.??.??"]
[WhiteTeam "Randspringer Bad Salzungen"]
[BlackTeam "Schachclub Rochade Leinefelde"]

1. d4 Nf6 2. Bg5 d5 3. Nc3 Bf5 4. e3 e6 5. Bd3 Bg6 6. Nf3 Bh5 7. a3 Be7 8. h3
Nbd7 9. g4 Bg6 10. Bf4 c6 11. Ne5 Nxe5 12. Bxe5 Bd6 13. Bxd6 Qxd6 14. f4 O-O-O
15. Qf3 Kb8 16. O-O-O Bxd3 17. Rxd3 Nd7 18. Kb1 Nb6 19. Rhd1 Qe7 20. e4 Qh4 21.
exd5 exd5 22. Ka2 Rhe8 23. b3 Re7 24. Re3 Rde8 25. Re5 Nd7 26. Rxe7 Qxe7 27.
Rd2 Qe3 28. Qxe3 Rxe3 29. Rd3 Rxd3 30. cxd3 Kc7 31. Kb2 Kd6 32. Kc2 g6 33. Kd2
Ke6 34. Ke3 Kd6 35. Ne2 f6 36. Ng3 Nf8 37. h4 Nd7 38. h5 a5 39. hxg6 hxg6 40.
f5 g5 41. Nh5 b6 42. Kd2 c5 43. Kc3 Ke7 44. dxc5 bxc5 45. d4 Kd6 46. dxc5+ Kxc5
47. b4+ 1/2-1/2

[Event "Landesklasse West 2011/2012"]
[Site "?"]
[Date "2011.01.08"]
[Round "5"]
[White "Müller, Sebastian"]
[Black "Wirsing, Frank"]
[Result "1-0"]
[WhiteElo "1786"]
[BlackElo "1629"]
[PlyCount "87"]
[EventDate "2011.??.??"]
[WhiteTeam "Schachclub Rochade Leinefelde"]
[BlackTeam "Randspringer Bad Salzungen"]

1. e4 e5 2. Nf3 Nc6 3. Nc3 d6 4. d4 exd4 5. Nxd4 Bd7 6. Be3 Nf6 7. f3 Be7 8.
Qd2 O-O 9. O-O-O a6 10. g4 Ne8 11. Nf5 Bxf5 12. gxf5 Ne5 13. Qg2 b5 14. Nd5 c6
15. Nxe7+ Qxe7 16. Bf4 f6 17. h4 Qf7 18. Kb1 Kh8 19. h5 h6 20. Be2 a5 21. Rdg1
a4 22. Qf1 a3 23. b3 Qa7 24. Qc1 Nf7 25. Be3 Qb7 26. c3 Ng5 27. Qc2 c5 28. Rd1
Nf7 29. f4 Nc7 30. Bf3 Rad8 31. Qg2 Qc8 32. Rhg1 Ne8 33. Rd5 Rg8 34. Qg6 Rd7
35. Bc1 b4 36. c4 Nc7 37. Rdd1 Na6 38. e5 dxe5 39. Rxd7 Qxd7 40. Bd5 exf4 41.
Bxf4 Ne5 42. Bxe5 fxe5 43. f6 Nc7 44. Bxg8 1-0

[Event "Landesklasse West 2011/2012"]
[Site "?"]
[Date "2011.01.08"]
[Round "5"]
[White "Wiefel, Erik"]
[Black "Petiko, Jakob"]
[Result "1/2-1/2"]
[WhiteElo "1716"]
[BlackElo "1929"]
[PlyCount "30"]
[EventDate "2011.??.??"]
[WhiteTeam "Randspringer Bad Salzungen"]
[BlackTeam "Schachclub Rochade Leinefelde"]

1. e4 d6 2. d4 Nf6 3. Bd3 e5 4. d5 Nbd7 5. c4 Nc5 6. Nc3 a5 7. Nge2 g6 8. O-O
Bg7 9. f3 O-O 10. Be3 b6 11. Qd2 h6 12. Bc2 Kh7 13. g4 Ng8 14. Ng3 Ne7 15. h4
Bd7 1/2-1/2

[Event "Landesklasse West 2011/2012"]
[Site "?"]
[Date "2011.01.08"]
[Round "5"]
[White "Lehmann, Peter"]
[Black "Dawydow, Alexej"]
[Result "1/2-1/2"]
[WhiteElo "1908"]
[BlackElo "1940"]
[PlyCount "35"]
[EventDate "2011.??.??"]
[WhiteTeam "ESV Lok Meiningen"]
[BlackTeam "SV Ammern"]

1. d4 d5 2. Nf3 c6 3. e3 e6 4. c3 f5 5. Nbd2 Bd6 6. Ne5 Nf6 7. f4 Nbd7 8. Bd3
O-O 9. Ndf3 Ne4 10. Bd2 Nxe5 11. fxe5 Be7 12. O-O Bd7 13. Be1 b5 14. Qe2 Qb6
15. a3 a5 16. Bh4 Qd8 17. Bxe7 Qxe7 18. Bxe4 1/2-1/2

[Event "Landesklasse West 2011/2012"]
[Site "?"]
[Date "2011.01.08"]
[Round "5"]
[White "Kampfhenkel, Ulrich"]
[Black "Grube, Jan"]
[Result "0-1"]
[WhiteElo "2001"]
[BlackElo "1784"]
[PlyCount "112"]
[EventDate "2011.??.??"]
[WhiteTeam "SV Ammern"]
[BlackTeam "ESV Lok Meiningen"]

1. e4 c5 2. Nf3 Nc6 3. d4 cxd4 4. Nxd4 g6 5. Nc3 Bg7 6. Be3 d6 7. f3 Bd7 8. Qd2
a6 9. O-O-O Rc8 10. Kb1 Qa5 11. Nd5 Qxd2 12. Rxd2 Nf6 13. Nb6 Rc7 14. g4 Nxd4
15. Bxd4 Be6 16. h4 Rc6 17. Nd5 Rg8 18. Nxf6+ Bxf6 19. Bxf6 exf6 20. g5 Ke7 21.
Bd3 h5 22. f4 fxg5 23. fxg5 f6 24. Rg1 Bg4 25. b4 fxg5 26. hxg5 Rf8 27. Rgg2
Rcc8 28. e5 dxe5 29. Bxg6 Rg8 30. Be4 Rc4 31. Bh7 Rxb4+ 32. Kc1 Rxg5 33. a3 Rb6
34. Be4 Rg8 35. Rd5 Ke6 36. Rd3 Rf8 37. Bd5+ Ke7 38. Be4 Rf1+ 39. Kd2 Rb2 40.
Rd5 Rd1+ 41. Ke3 Rxd5 42. Bxd5 Rb1 43. Bb3 Kf6 44. Rd2 Re1+ 45. Kf2 Rd1 46. Rd5
Rxd5 47. Bxd5 b6 48. Ke3 h4 49. Kd3 Bf5+ 50. Kd2 e4 51. Ke3 Ke5 52. Bc4 a5 53.
Be2 h3 54. Bf1 Bg4 55. c3 h2 56. Bg2 Bf3 0-1

[Event "Landesklasse West 2011/2012"]
[Site "?"]
[Date "2011.01.08"]
[Round "5"]
[White "Von Otte, Wilhelm"]
[Black "Wegerich, Michael"]
[Result "1/2-1/2"]
[WhiteElo "1849"]
[BlackElo "2015"]
[PlyCount "65"]
[EventDate "2011.??.??"]
[WhiteTeam "ESV Lok Meiningen"]
[BlackTeam "SV Ammern"]

1. e4 c5 2. c4 Nc6 3. Nc3 g6 4. Nge2 Bg7 5. g3 d6 6. Bg2 Be6 7. d3 Nf6 8. O-O
O-O 9. h3 Ne8 10. g4 Bd7 11. Ng3 e6 12. Be3 Nd4 13. Qd2 Rb8 14. Rae1 a6 15. Bh6
b5 16. Bxg7 Nxg7 17. e5 dxe5 18. Rxe5 Qc7 19. Ree1 Bc6 20. Nce2 Bxg2 21. Kxg2
Qc6+ 22. f3 Rbd8 23. Nxd4 Rxd4 24. Re4 Rfd8 25. Rxd4 Rxd4 26. Ne4 f5 27. Nf6+
Kf7 28. Nxh7 bxc4 29. Qh6 cxd3 30. Ng5+ Kf6 31. Nh7+ Kf7 32. Ng5+ Kf6 33. Nh7+
1/2-1/2

[Event "Landesklasse West 2011/2012"]
[Site "?"]
[Date "2011.01.08"]
[Round "5"]
[White "Kurze, Christoph"]
[Black "Jörges, Frank"]
[Result "1/2-1/2"]
[WhiteElo "1890"]
[BlackElo "1824"]
[PlyCount "71"]
[EventDate "2011.??.??"]
[WhiteTeam "SV Ammern"]
[BlackTeam "ESV Lok Meiningen"]

1. e4 d5 2. exd5 Qxd5 3. Nc3 Qd6 4. d4 Nf6 5. Nb5 Qd8 6. Bf4 Nd5 7. Qd2 c6 8.
Nc3 Nxf4 9. Qxf4 Qd6 10. Qe3 e6 11. O-O-O Be7 12. f4 Nd7 13. Nf3 Nf6 14. Ne5
Nd5 15. Nxd5 exd5 16. g4 f6 17. Nd3 Bxg4 18. Re1 Bf5 19. Bh3 Bxh3 20. Qxh3 Qd7
21. f5 O-O-O 22. Nf4 Bd6 23. Ne6 Rde8 24. Qg4 Re7 25. Re2 Rhe8 26. Rhe1 g6 27.
Kd1 gxf5 28. Qxf5 Bxh2 29. Rxh2 Rxe6 30. Rxe6 Qxe6 31. Qxe6+ Rxe6 32. Rxh7 Re4
33. c3 f5 34. Rf7 f4 35. Kd2 Kb8 36. a3 1/2-1/2

[Event "Landesklasse West 2011/2012"]
[Site "?"]
[Date "2011.01.08"]
[Round "5"]
[White "Weiß, Daniel"]
[Black "Schorch, Rüdiger"]
[Result "0-1"]
[WhiteElo "1783"]
[BlackElo "1915"]
[PlyCount "42"]
[EventDate "2011.??.??"]
[WhiteTeam "ESV Lok Meiningen"]
[BlackTeam "SV Ammern"]

1. e4 c5 2. d4 cxd4 3. c3 dxc3 4. Nxc3 Nc6 5. Nf3 d6 6. Bc4 e6 7. O-O Be7 8.
Qe2 a6 9. Rd1 Qc7 10. Bf4 Nf6 11. Rac1 O-O 12. Bb3 Rd8 13. Nd5 exd5 14. exd5
Rf8 15. dxc6 bxc6 16. Qd3 Qb7 17. Nd4 c5 18. Nf5 Bxf5 19. Qxf5 Rad8 20. Rc3 g6
21. Bh6 gxf5 0-1

[Event "Landesklasse West 2011/2012"]
[Site "?"]
[Date "2011.01.08"]
[Round "5"]
[White "Feigel, Andreas"]
[Black "Holland-Cunz, Dietrich"]
[Result "1-0"]
[WhiteElo "1779"]
[BlackElo "1731"]
[PlyCount "129"]
[EventDate "2011.??.??"]
[WhiteTeam "SV Ammern"]
[BlackTeam "ESV Lok Meiningen"]

1. Nf3 d5 2. b3 Nf6 3. Bb2 c5 4. e3 Nc6 5. Bb5 a6 6. Bxc6+ bxc6 7. Ne5 Qc7 8.
d3 g6 9. Nd2 Bg7 10. Qc1 Bf5 11. O-O O-O 12. f4 Rad8 13. a4 Ng4 14. Nxg4 Bxg4
15. Bxg7 Kxg7 16. h3 Bc8 17. Nf3 f6 18. Qb2 Kg8 19. Qc3 Qd6 20. Qe1 e5 21. fxe5
fxe5 22. Qh4 Kg7 23. Rf2 d4 24. Ng5 h6 25. Ne4 g5 26. Qg3 Qe7 27. Raf1 Rxf2 28.
Qxf2 Rf8 29. Qxf8+ Qxf8 30. Rxf8 Kxf8 31. Nxc5 dxe3 32. Kf1 g4 33. h4 g3 34.
Ke2 Bg4+ 35. Kxe3 Bd1 36. c3 Ke7 37. b4 Kf6 38. Nxa6 Bxa4 39. Kf3 Bc2 40. Nc5
Bd1+ 41. Kxg3 Bh5 42. Kf2 Kf5 43. Ne4 Bg6 44. h5 Bh7 45. Kf3 Bg8 46. g4+ Ke6
47. c4 Bf7 48. Ke3 Be8 49. d4 exd4+ 50. Kxd4 Ke7 51. Ng3 Kf6 52. Nf5 Kg5 53.
Ke5 Kxg4 54. Nxh6+ Kxh5 55. Nf5 Kg4 56. Nd6 Bd7 57. Kd4 Kf4 58. Nb7 Kf3 59. Na5
Ke2 60. Kc5 Kd3 61. Nxc6 Be6 62. Na5 Kc3 63. b5 Bc8 64. b6 Ba6 65. b7 1-0

[Event "Landesklasse West 2011/2012"]
[Site "?"]
[Date "2011.01.08"]
[Round "5"]
[White "Webel, Jannik"]
[Black "Hentrich, Jörg"]
[Result "1-0"]
[WhiteElo "1725"]
[BlackElo "1816"]
[PlyCount "99"]
[EventDate "2011.??.??"]
[WhiteTeam "ESV Lok Meiningen"]
[BlackTeam "SV Ammern"]

1. d4 Nf6 2. c4 g6 3. Nc3 d6 4. e4 Bg7 5. Be2 O-O 6. Bg5 c5 7. d5 Na6 8. Qd2
Nc7 9. f3 a6 10. h4 Rb8 11. Bh6 e5 12. g4 b5 13. h5 Qe7 14. Bxg7 Kxg7 15. hxg6
fxg6 16. O-O-O bxc4 17. Bxc4 Ng8 18. Qh2 Qg5+ 19. Rd2 Nf6 20. Qh4 Qe3 21. Nd1
Qf4 22. Rh3 h5 23. Ne2 Qh6 24. g5 Qh8 25. gxf6+ Rxf6 26. Rg3 Qh6 27. Nec3 Bd7
28. Kc2 Rb4 29. b3 a5 30. Rdg2 Rb8 31. Qg5 Rh8 32. Qxh6+ Kxh6 33. Rh2 g5 34.
Be2 Ne8 35. Bb5 Bxb5 36. Nxb5 Rhf8 37. Ne3 Rxf3 38. Nf5+ R3xf5 39. exf5 Rxf5
40. Kd3 Kg6 41. Ke3 Nf6 42. Ke2 Ng4 43. Rhg2 e4 44. Nxd6 Rf4 45. Nc4 Kf5 46.
Ne3+ Nxe3 47. Kxe3 g4 48. Rf2 Rxf2 49. Kxf2 Ke5 50. Ke3 1-0

[Event "Landesklasse West 2011/2012"]
[Site "?"]
[Date "2011.01.08"]
[Round "5"]
[White "Dawydow, Julius"]
[Black "Scheftlein, Richard"]
[Result "0-1"]
[WhiteElo "1344"]
[BlackElo "1703"]
[PlyCount "74"]
[EventDate "2011.??.??"]
[WhiteTeam "SV Ammern"]
[BlackTeam "ESV Lok Meiningen"]

1. e4 c6 2. Nf3 d5 3. e5 Bf5 4. d4 e6 5. Bd3 Bxd3 6. Qxd3 Nd7 7. O-O Ne7 8. Nh4
Ng6 9. Nxg6 hxg6 10. Nd2 c5 11. c3 c4 12. Qg3 Be7 13. Nf3 Qb6 14. Rb1 O-O-O 15.
Bf4 Rh5 16. b3 cxb3 17. Rxb3 Qa5 18. Ra1 Rdh8 19. h3 Qd8 20. Rab1 b6 21. Bd2 g5
22. Nh2 f5 23. f3 Qc7 24. Qf2 Qc4 25. Nf1 f4 26. Bc1 Kb7 27. Qc2 R5h6 28. Ba3
Bxa3 29. Rxa3 Rc8 30. Kf2 Qxd4+ 31. cxd4 Rxc2+ 32. Kg1 Rh8 33. Rb4 Rhc8 34.
Rba4 a5 35. Rd3 Ka6 36. Kh2 Rf2 37. Rd2 Rxf1 0-1

[Event "Landesklasse West 2011/2012"]
[Site "?"]
[Date "2011.01.08"]
[Round "5"]
[White "Klingler, Lutz"]
[Black "Bötticher, Heinz-Wilfried"]
[Result "1-0"]
[WhiteElo "1957"]
[BlackElo "1810"]
[PlyCount "71"]
[EventDate "2011.??.??"]
[WhiteTeam "SV Schmalkalden 04"]
[BlackTeam "SV Breitenworbis"]

1. f4 e5 2. fxe5 d6 3. exd6 Bxd6 4. Nf3 g5 5. g3 g4 6. Nh4 Ne7 7. d4 Ng6 8.
Nxg6 hxg6 9. Qd3 Nc6 10. c3 Qe7 11. Bg2 Bd7 12. Bf4 O-O-O 13. Bxd6 cxd6 14. Nd2
Rde8 15. e4 f5 16. O-O-O Qg5 17. Rde1 fxe4 18. Bxe4 d5 19. Bxg6 Rxe1+ 20. Rxe1
Rxh2 21. Bh7 Na5 22. Re5 Qh6 23. Bf5 Nc4 24. Bxd7+ Kc7 25. Re2 Rxe2 26. Qxe2
Kxd7 27. Qxg4+ Kc6 28. Qe2 Ne3 29. b3 Qh1+ 30. Kb2 Nd1+ 31. Kc2 Nxc3 32. Kxc3
Qa1+ 33. Kd3 Qxa2 34. Qe6+ Kc7 35. Qxd5 a5 36. Qc4+ 1-0

[Event "Landesklasse West 2011/2012"]
[Site "?"]
[Date "2011.01.08"]
[Round "5"]
[White "Gast, Rainer"]
[Black "Bamberg, Alexander"]
[Result "1-0"]
[WhiteElo "1950"]
[BlackElo "1847"]
[PlyCount "65"]
[EventDate "2011.??.??"]
[WhiteTeam "SV Breitenworbis"]
[BlackTeam "SV Schmalkalden 04"]

1. d4 d5 2. c4 e6 3. Nc3 Nf6 4. Bg5 Be7 5. e3 c6 6. Nf3 O-O 7. Rc1 Nbd7 8. Bd3
dxc4 9. Bxc4 b5 10. Bd3 Bb7 11. O-O a6 12. a4 Rc8 13. Qe2 Qa5 14. Ne5 Rfe8 15.
f4 b4 16. Bxf6 Nxf6 17. Ne4 c5 18. Nxf6+ Bxf6 19. Bxh7+ Kf8 20. Nd7+ Ke7 21.
Nxc5 Bc6 22. Bd3 Qd8 23. Bxa6 Rb8 24. b3 Rh8 25. Bd3 Bxd4 26. exd4 Qxd4+ 27.
Qf2 Qd5 28. Be4 Qh5 29. h3 Rbc8 30. Qd4 Rcd8 31. Qxb4 Bxe4 32. Nxe4+ Ke8 33.
Rc7 1-0

[Event "Landesklasse West 2011/2012"]
[Site "?"]
[Date "2011.01.08"]
[Round "5"]
[White "Lesser, Thomas"]
[Black "Leibeling, Lucian"]
[Result "1/2-1/2"]
[WhiteElo "1856"]
[BlackElo "1832"]
[PlyCount "34"]
[EventDate "2011.??.??"]
[WhiteTeam "SV Schmalkalden 04"]
[BlackTeam "SV Breitenworbis"]

1. e4 c5 2. c3 Nf6 3. e5 Nd5 4. d4 cxd4 5. Nf3 e6 6. cxd4 d6 7. Bc4 Nb6 8. Bb3
Be7 9. O-O O-O 10. Nc3 Nc6 11. Bf4 a6 12. h3 dxe5 13. dxe5 Bd7 14. Qe2 Na5 15.
Bc2 Bc6 16. Rfd1 Qc7 17. Ne4 Rfd8 1/2-1/2

[Event "Landesklasse West 2011/2012"]
[Site "?"]
[Date "2011.01.08"]
[Round "5"]
[White "Biel, Peter"]
[Black "Klein, Matthias"]
[Result "1/2-1/2"]
[WhiteElo "1672"]
[BlackElo "1788"]
[PlyCount "31"]
[EventDate "2011.??.??"]
[WhiteTeam "SV Breitenworbis"]
[BlackTeam "SV Schmalkalden 04"]

1. e4 g6 2. d4 Bg7 3. Nc3 c6 4. f4 d5 5. e5 h5 6. Nf3 Nh6 7. Be3 Bg4 8. Bd3 Nf5
9. Bf2 e6 10. h3 Bxf3 11. Qxf3 h4 12. O-O-O Nd7 13. Ne2 Bf8 14. g4 hxg3 15.
Nxg3 Nxg3 16. Qxg3 1/2-1/2

[Event "Landesklasse West 2011/2012"]
[Site "?"]
[Date "2011.01.08"]
[Round "5"]
[White "Krannich, Steffen"]
[Black "Bötticher, Andreas"]
[Result "1/2-1/2"]
[WhiteElo "1748"]
[BlackElo "1530"]
[PlyCount "22"]
[EventDate "2011.??.??"]
[WhiteTeam "SV Schmalkalden 04"]
[BlackTeam "SV Breitenworbis"]

1. d4 d5 2. Nf3 Nf6 3. g3 e6 4. c4 Nbd7 5. Bg2 Be7 6. O-O O-O 7. Qc2 c5 8. Rd1
Qb6 9. Nc3 dxc4 10. Na4 Qb5 11. Nc3 Qb6 1/2-1/2

[Event "Landesklasse West 2011/2012"]
[Site "?"]
[Date "2011.01.08"]
[Round "5"]
[White "Hermann, Ingo"]
[Black "Burkhardt, Christian"]
[Result "1/2-1/2"]
[WhiteElo "1852"]
[BlackElo "1683"]
[PlyCount "46"]
[EventDate "2011.??.??"]
[WhiteTeam "SV Breitenworbis"]
[BlackTeam "SV Schmalkalden 04"]

1. e4 e6 2. d4 d5 3. exd5 exd5 4. Bd3 Nc6 5. Ne2 Bd6 6. c3 Nge7 7. Qc2 Bg4 8.
f3 Be6 9. Bf4 Qd7 10. Bxd6 Qxd6 11. Nd2 g6 12. Ng3 h5 13. O-O-O h4 14. Ngf1 Bf5
15. Re1 Bxd3 16. Qxd3 O-O-O 17. Ne3 f5 18. Re2 Kb8 19. b4 Nc8 20. Nb3 Rde8 21.
h3 Re7 22. Rhe1 Rhe8 23. Kb2 Nd8 1/2-1/2

[Event "Landesklasse West 2011/2012"]
[Site "?"]
[Date "2011.01.08"]
[Round "5"]
[White "Weigend, Joachim"]
[Black "Petiko, Nikolai"]
[Result "0-1"]
[WhiteElo "1827"]
[BlackElo "1966"]
[PlyCount "92"]
[EventDate "2011.??.??"]
[WhiteTeam "SV Schmalkalden 04"]
[BlackTeam "SV Breitenworbis"]

1. c4 e5 2. Nc3 d6 3. g3 Nc6 4. e3 g6 5. Bg2 Bg7 6. Nge2 h5 7. d4 exd4 8. Nxd4
Nge7 9. O-O h4 10. Re1 hxg3 11. hxg3 Bh3 12. Bh1 Qd7 13. Nd5 Nxd5 14. Nxc6 Nb6
15. Nd4 O-O-O 16. Qd3 Rh5 17. Bf3 Bg4 18. Bg2 Kb8 19. Rb1 c5 20. Ne2 Be5 21.
Nf4 Bxf4 22. exf4 Bf5 23. Be4 Bxe4 24. Qxe4 Rdh8 25. Bd2 Qg4 26. Bc3 Rh1+ 27.
Qxh1 Rxh1+ 28. Kxh1 Nxc4 29. Kg2 Qf5 30. Re8+ Kc7 31. Rbe1 Kc6 32. a3 Nb6 33.
R8e7 Nd5 34. R7e2 Qg4 35. Bd2 b5 36. Re4 f5 37. Re8 Nf6 38. R8e7 a6 39. Ba5 Nd5
40. Ra7 Nxf4+ 41. Kg1 Nd3 42. Rf1 f4 43. Rxa6+ Kd7 44. Ra7+ Ke6 45. Be1 Qh3 46.
f3 fxg3 0-1

[Event "Landesklasse West 2011/2012"]
[Site "?"]
[Date "2011.01.08"]
[Round "5"]
[White "Hermann, Frank"]
[Black "Himmel, Matthias"]
[Result "1/2-1/2"]
[WhiteElo "1547"]
[BlackElo "1564"]
[PlyCount "24"]
[EventDate "2011.??.??"]
[WhiteTeam "SV Breitenworbis"]
[BlackTeam "SV Schmalkalden 04"]

1. e4 g6 2. d4 Bg7 3. Nf3 d6 4. Be3 Nf6 5. Nc3 O-O 6. Qd2 c6 7. Bh6 Nbd7 8.
Bxg7 Kxg7 9. Bc4 b5 10. Bb3 Qc7 11. O-O Ba6 12. Rfe1 e5 1/2-1/2

[Event "Landesklasse West 2011/2012"]
[Site "?"]
[Date "2011.01.08"]
[Round "5"]
[White "Minor, Viatcheslav"]
[Black "August, Daniel"]
[Result "1-0"]
[WhiteElo "1991"]
[BlackElo "1804"]
[PlyCount "69"]
[EventDate "2011.??.??"]
[WhiteTeam "SV Wartburgstadt Eisenach"]
[BlackTeam "TSG Ruhla"]

1. e4 d6 2. d4 Nf6 3. Nc3 e5 4. Nge2 exd4 5. Nxd4 Be7 6. Be2 O-O 7. O-O Re8 8.
Bf4 Bf8 9. f3 c6 10. Nb3 Be6 11. Qd2 d5 12. Rad1 Na6 13. Bxa6 Qb6+ 14. Be3 Qxa6
15. e5 Nd7 16. f4 Nb6 17. Nc5 Bxc5 18. Bxc5 Nc4 19. Qc1 b6 20. Bf2 Rad8 21. b3
Na5 22. Bh4 Qc8 23. Bxd8 Rxd8 24. Qe3 Nb7 25. Qf2 Bf5 26. b4 Qe6 27. h3 h5 28.
Ne2 c5 29. bxc5 bxc5 30. Ng3 g6 31. Rb1 Rd7 32. Qe2 c4 33. Nxf5 gxf5 34. Qxh5
Nc5 35. Rb8+ 1-0

[Event "Landesklasse West 2011/2012"]
[Site "?"]
[Date "2011.01.08"]
[Round "5"]
[White "Fink, Klaus"]
[Black "Schwarz, Hilmar"]
[Result "1-0"]
[WhiteElo "1961"]
[BlackElo "1809"]
[PlyCount "85"]
[EventDate "2011.??.??"]
[WhiteTeam "TSG Ruhla"]
[BlackTeam "SV Wartburgstadt Eisenach"]

1. e4 e5 2. Bc4 Nf6 3. d3 Nc6 4. a3 Bc5 5. Bg5 h6 6. Bh4 d6 7. Nc3 g5 8. Bg3
Bg4 9. f3 Bd7 10. Qd2 Nd4 11. Nce2 Qe7 12. c3 Ne6 13. d4 exd4 14. cxd4 Bb6 15.
Bf2 O-O-O 16. O-O-O Nh5 17. Nh3 Nhg7 18. Nc3 f5 19. Nd5 Qf8 20. Rhf1 f4 21. Ng1
Ne8 22. Nxb6+ cxb6 23. d5 Nc5 24. Bd4 Rh7 25. Kb1 Ba4 26. Rc1 Rc7 27. b4 b5 28.
bxc5 bxc4 29. Qa5 Bb3 30. Qxa7 dxc5 31. Be5 Nd6 32. Qb6 Qe7 33. Bc3 Kd7 34. e5
Qh7+ 35. Kb2 Kc8 36. exd6 Rcd7 37. Qxc5+ Kb8 38. Bd4 Rf7 39. Qa7+ Kc8 40. Qa8+
Kd7 41. Qxb7+ Ke8 42. Rfe1+ Kf8 43. Re7 1-0

[Event "Landesklasse West 2011/2012"]
[Site "?"]
[Date "2011.01.08"]
[Round "5"]
[White "Neef, Michael"]
[Black "Kirsch, Uwe"]
[Result "1/2-1/2"]
[WhiteElo "1879"]
[BlackElo "1863"]
[PlyCount "31"]
[EventDate "2011.??.??"]
[WhiteTeam "SV Wartburgstadt Eisenach"]
[BlackTeam "TSG Ruhla"]

1. d4 d6 2. Nf3 Nf6 3. c4 g6 4. Nc3 Bg7 5. e4 O-O 6. h3 Nbd7 7. Be3 e5 8. d5
Nc5 9. Nd2 a5 10. a3 Nfd7 11. b4 Na6 12. Qb1 f5 13. f3 Bh6 14. Bxh6 Qh4+ 15.
Ke2 Qxh6 16. g3 1/2-1/2

[Event "Landesklasse West 2011/2012"]
[Site "?"]
[Date "2011.01.08"]
[Round "5"]
[White "Thrän, Uwe"]
[Black "Königsdörfer, Gerhard"]
[Result "0-1"]
[WhiteElo "1800"]
[BlackElo "1864"]
[PlyCount "70"]
[EventDate "2011.??.??"]
[WhiteTeam "TSG Ruhla"]
[BlackTeam "SV Wartburgstadt Eisenach"]

1. d4 d5 2. c4 dxc4 3. Nf3 a6 4. a4 Nf6 5. Nc3 Bf5 6. e3 Nc6 7. Bxc4 e6 8. O-O
Bg4 9. Be2 Bd6 10. h3 Bh5 11. e4 Bxf3 12. Bxf3 Nxd4 13. Be3 Nxf3+ 14. Qxf3 c6
15. Rfd1 Qc7 16. a5 O-O 17. Rd3 Bb4 18. Bb6 Qe5 19. Bd4 Qh5 20. Qe3 Qg6 21. f3
Rfd8 22. Bb6 Rxd3 23. Qxd3 Qg5 24. Ne2 Bc5+ 25. Kh1 Bxb6 26. axb6 Qc5 27. Rd1
Qxb6 28. g4 h6 29. h4 Qf2 30. h5 Nd7 31. Ng1 Ne5 32. Qc3 Qh4+ 33. Kg2 Nxg4 34.
Rd2 Nf6 35. e5 Nd5 0-1

[Event "Landesklasse West 2011/2012"]
[Site "?"]
[Date "2011.01.08"]
[Round "5"]
[White "Ulbricht, Olaf"]
[Black "Schliepat, Reinhold"]
[Result "0-1"]
[WhiteElo "1634"]
[BlackElo "1851"]
[PlyCount "60"]
[EventDate "2011.??.??"]
[WhiteTeam "SV Wartburgstadt Eisenach"]
[BlackTeam "TSG Ruhla"]

1. e4 d6 2. Bc4 Nf6 3. Nc3 c6 4. h3 b5 5. Bd3 e5 6. a3 Be7 7. Nf3 O-O 8. O-O a6
9. Ne2 Re8 10. Ng3 g6 11. b4 Bf8 12. Bb2 Nbd7 13. Be2 d5 14. d3 Qc7 15. Rc1 c5
16. c4 bxc4 17. exd5 cxd3 18. Bxd3 e4 19. Bxf6 Nxf6 20. Rxc5 Bxc5 21. Nxe4 Nxe4
22. Bxe4 Bxb4 23. Qc2 Bd6 24. Qb1 Bb7 25. Rc1 Qe7 26. Re1 Qf6 27. Qd3 Rac8 28.
Nd2 Qc3 29. Re3 Qxd3 30. Bxd3 Rxe3 0-1

[Event "Landesklasse West 2011/2012"]
[Site "?"]
[Date "2011.01.08"]
[Round "5"]
[White "Büchel, Bernd"]
[Black "Graupner, Markus"]
[Result "1/2-1/2"]
[WhiteElo "1801"]
[BlackElo "1643"]
[PlyCount "40"]
[EventDate "2011.??.??"]
[WhiteTeam "TSG Ruhla"]
[BlackTeam "SV Wartburgstadt Eisenach"]

1. Nf3 d5 2. g3 Nf6 3. Bg2 Bf5 4. d3 e6 5. O-O h6 6. Nbd2 Be7 7. Qe1 c6 8. e4
dxe4 9. dxe4 Bh7 10. Ne5 Nbd7 11. Nxd7 Qxd7 12. Nb3 O-O 13. Bf4 Rfd8 14. Qe2 a5
15. Rfd1 Qc8 16. a4 Nd7 17. Be3 Qc7 18. f4 Nf6 19. Bf2 Rxd1+ 20. Rxd1 Rd8
1/2-1/2

[Event "Landesklasse West 2011/2012"]
[Site "?"]
[Date "2011.01.08"]
[Round "5"]
[White "Hilbert, Stephan-Jörg"]
[Black "Hagen, Matthias"]
[Result "1/2-1/2"]
[WhiteElo "1741"]
[BlackElo "1638"]
[PlyCount "69"]
[EventDate "2011.??.??"]
[WhiteTeam "SV Wartburgstadt Eisenach"]
[BlackTeam "TSG Ruhla"]

1. b4 e5 2. Bb2 Bxb4 3. Bxe5 Nf6 4. c4 Nc6 5. Bb2 O-O 6. Nf3 Be7 7. e3 d6 8.
Be2 Be6 9. O-O d5 10. cxd5 Nxd5 11. a3 Bf6 12. d4 Nb6 13. Nbd2 g6 14. Re1 Bg7
15. Qc2 Ne7 16. Rac1 c6 17. Ne4 Nd7 18. Nc5 Nxc5 19. Qxc5 Nd5 20. Nd2 Qb6 21.
Ba1 f5 22. Qc2 Qc7 23. Nb3 Nf6 24. Nc5 Bd5 25. f3 Qe7 26. e4 fxe4 27. fxe4 Nxe4
28. Nxe4 Qxe4 29. Qxe4 Bxe4 30. Ba6 Bxg2 31. Bxb7 Rab8 32. Bxc6 Bxc6 33. Rxc6
Rbe8 34. Rxe8 Rxe8 35. Kf2 1/2-1/2

[Event "Landesklasse West 2011/2012"]
[Site "?"]
[Date "2011.01.08"]
[Round "5"]
[White "Voß, Ewald"]
[Black "Tischner, Manfred"]
[Result "0-1"]
[WhiteElo "1648"]
[BlackElo "1735"]
[PlyCount "62"]
[EventDate "2011.??.??"]
[WhiteTeam "TSG Ruhla"]
[BlackTeam "SV Wartburgstadt Eisenach"]

1. e4 e5 2. Nf3 Nc6 3. Bc4 Bc5 4. O-O d6 5. h3 Na5 6. Be2 a6 7. c3 Nc6 8. b4
Bb6 9. Bc4 Nf6 10. d3 h6 11. a4 O-O 12. Qe2 Re8 13. Be3 d5 14. Bxb6 dxc4 15. d4
cxb6 16. d5 Na7 17. Qxc4 Bd7 18. Qd3 b5 19. a5 Nc8 20. Nbd2 Nd6 21. Rfe1 Rc8
22. Nb3 Rc7 23. Nfd2 Bc8 24. Rac1 Nc4 25. Nc5 Nxd2 26. Qxd2 Qd6 27. Re3 Nh5 28.
Nd3 Nf4 29. Nxf4 exf4 30. Re2 Rc4 31. f3 Qe5 0-1